Normal view
MARC view
- القضاء -- الأردن -- تاريخ الأردن -- المحاكمات -- المحاكم -- القوانين والأنظمة
Entry Topical Term
001 - CONTROL NUMBER
- control field: 21311
003 - CONTROL NUMBER IDENTIFIER
- control field: JO-AjAnu
005 - DATE AND TIME OF LATEST TRANSACTION
- control field: 20230606073708.0
008 - FIXED-LENGTH DATA ELEMENTS
- fixed length control field: 230606|| aca||aabn | a|a d
040 ## - CATALOGING SOURCE
- Original cataloging agency: JO-AjAnu
- Transcribing agency: JO-AjAnu
150 ## - HEADING--TOPICAL TERM
- Topical term or geographic name entry element: القضاء -- الأردن -- تاريخ الأردن -- المحاكمات -- المحاكم -- القوانين والأنظمة
670 ## - SOURCE DATA FOUND
- Source citation: Work cat.: (JO-AjAnu)10948: اعداد إيمان فريخات , author 21310, تاريخ القضاء في الأردن ( 1921م - 1989م )